Stomping out the darkness / (Record no. 2662)

MARC details
000 -LEADER
fixed length control field 01143pam a2200301 a 4500
001 - CONTROL NUMBER
control field 1107209
003 - CONTROL NUMBER IDENTIFIER
control field GBCCL
005 - DATE AND TIME OF LATEST TRANSACTION
control field 20241126110435.0
008 - FIXED-LENGTH DATA ELEMENTS--GENERAL INFORMATION
fixed length control field 930719s1993 caua j b 000 0 eng
010 ## -
-- 93026385
020 ## - INTERNATIONAL STANDARD BOOK NUMBER
International Standard Book Number 0830716408 (pbk.) :
Terms of availability $8.99
040 ## - CATALOGING SOURCE
Original cataloging agency DLC
Transcribing agency DLC
Modifying agency DLC
050 00 -
-- BV4509.5
-- .A55 1993
082 00 - DEWEY DECIMAL CLASSIFICATION NUMBER
Classification number 248.83
Edition information 20
Item number AND
100 1# - MAIN ENTRY--PERSONAL NAME
Personal name Anderson, Neil T.,
Dates associated with a name 1942-
9 (RLIN) 3947
245 10 - TITLE STATEMENT
Title Stomping out the darkness /
Statement of responsibility, etc. Neil T. Anderson and Dave Park.
260 ## - PUBLICATION, DISTRIBUTION, ETC.
Place of publication, distribution, etc. Ventura, Calif. :
Name of publisher, distributor, etc. Regal Books,
Date of publication, distribution, etc. c1993.
300 ## - PHYSICAL DESCRIPTION
Extent 210 p. :
Other physical details ill. ;
Dimensions 21 cm.
504 ## - BIBLIOGRAPHY, ETC. NOTE
Bibliography, etc. note Includes bibliographical references.
650 #0 - SUBJECT ADDED ENTRY--TOPICAL TERM
Topical term or geographic name entry element Identification (Religion)
General subdivision Juvenile literature.
9 (RLIN) 5607
650 #0 - SUBJECT ADDED ENTRY--TOPICAL TERM
Topical term or geographic name entry element Junior high school students
General subdivision Religious life.
9 (RLIN) 5608
650 #0 - SUBJECT ADDED ENTRY--TOPICAL TERM
Topical term or geographic name entry element High school students
General subdivision Religious life.
9 (RLIN) 5609
650 #0 - SUBJECT ADDED ENTRY--TOPICAL TERM
Topical term or geographic name entry element Spiritual life
General subdivision Christianity
-- Juvenile literature.
9 (RLIN) 5610
700 1# - ADDED ENTRY--PERSONAL NAME
Personal name Park, David,
Dates associated with a name 1961-
9 (RLIN) 5611
906 ## - LOCAL DATA ELEMENT F, LDF (RLIN)
a 7
b cbc
c orignew
d 1
e ocip
f 19
g y-gencatlg
942 ## - ADDED ENTRY ELEMENTS (KOHA)
Source of classification or shelving scheme Dewey Decimal Classification
Koha item type Books
Koha issues (borrowed), all copies 1
Holdings
Withdrawn status Lost status Source of classification or shelving scheme Damaged status Not for loan Home library Current Library Shelving location Date acquired Total checkouts Full call number Barcode Date last seen Copy number Price effective from Koha item type Date last checked out
    Dewey Decimal Classification     GRACE BIBLE COLLEGE GRACE BIBLE COLLEGE Ministry & Mission 2017-09-11   248.83 AND 011361 2025-05-01 c.7 2017-09-11 Books  
    Dewey Decimal Classification     GRACE BIBLE COLLEGE GRACE BIBLE COLLEGE Ministry & Mission 2017-09-11   248.83 AND 011362 2025-05-01 c.8 2017-09-11 Books  
    Dewey Decimal Classification     GRACE BIBLE COLLEGE GRACE BIBLE COLLEGE Ministry & Mission 2017-09-11   248.83 AND 011363 2025-05-01 c.9 2017-09-11 Books  
    Dewey Decimal Classification     GRACE BIBLE COLLEGE GRACE BIBLE COLLEGE Ministry & Mission 2017-09-11   248.83 AND 011364 2025-05-01 c.10 2017-09-11 Books  
    Dewey Decimal Classification     GRACE BIBLE COLLEGE GRACE BIBLE COLLEGE Ministry & Mission 2017-09-11   248.83 AND 011359 2025-05-01 c.5 2017-09-11 Books  
    Dewey Decimal Classification     GRACE BIBLE COLLEGE GRACE BIBLE COLLEGE Ministry & Mission 2017-09-14   248.83 AND 011355 2025-05-01 c.1 2017-09-14 Books  
    Dewey Decimal Classification     GRACE BIBLE COLLEGE GRACE BIBLE COLLEGE Ministry & Mission 2017-09-14   248.83 AND 011356 2025-05-01 c.2 2017-09-14 Books  
    Dewey Decimal Classification     GRACE BIBLE COLLEGE GRACE BIBLE COLLEGE Ministry & Mission 2017-09-14   248.83 AND 011357 2025-05-01 c.3 2017-09-14 Books  
    Dewey Decimal Classification     GRACE BIBLE COLLEGE GRACE BIBLE COLLEGE Ministry & Mission 2017-09-14   248.83 AND 011358 2025-05-01 c.4 2017-09-14 Books  
    Dewey Decimal Classification     GRACE BIBLE COLLEGE GRACE BIBLE COLLEGE Ministry & Mission 2017-09-14   248.83 AND 011360 2025-05-01 c.6 2017-09-14 Books  
    Dewey Decimal Classification     GRACE BIBLE COLLEGE GRACE BIBLE COLLEGE Ministry & Mission 2017-09-14 1 248.83 AND 013181 2025-05-01 c.11 2017-09-14 Books 2018-08-17
© Grace Bible College Library 2025